Estadísticas para Cohetes más grandes

Haz click aquí para intentar la prueba.

Estadísticas generales

  • Esta prueba ha sido intentada 2 veces
  • La puntuación promedio es 5 de 15

Estadísticas de respuestas

Altura (metros)Cohete% Correcto
70Falcon 9
100%
65,5Atlas V
50%
58,77Energia
50%
70Falcon Heavy
50%
105N1
50%
110Saturno V
50%
98,3SLS
50%
121Starship
50%
61,6Vulcan
50%
55,4Angara A5
0%
99,3Ares 1
0%
72Delta IV Heavy
0%
66,4Delta IV medium
0%
68,4Saturno 1B
0%
56,1Transbordador Espacial
0%

Distribución de puntuación

Porcentaje por número respondido

Porcentaje de gente con cada puntuación

Historial de tus puntuaciones

No has intentado esta prueba.